000 00606nam a2200157 4500
999 _c17109
_d17109
008 220602b ||||| |||| 00| 0 eng d
022 _a0732-8435
082 _aDPer 657.05 C33 Sept - Dec 2012, v. 82 n. 9 - 12
100 _aMichael G. Stevens.
_945471
245 _aDoes basis overstatement trigger a six-year limitations period?:
_bthe supreme court ends the debate/
_cStevens, Michael G.
260 _aNew York:
_bThe New York State Society of CPA,
_c©2012.
300 _av82 n12, page 54-55:
_b illustrations:
_c28 cm.
500 _aThe CPA Journal.
650 _aTaxation.
_945472
942 _2ddc
_cPER